| 000 | 00546nam a2200181 i 4500 | ||
|---|---|---|---|
| 001 | 81710 | ||
| 003 | ES-MaACL | ||
| 005 | 20230906174509.0 | ||
| 007 | t| | ||
| 008 | 041105s19001999sp ||||1| spa d | ||
| 100 | 1 |
_aHuxley, Aldous, _d1894-1963 _964858 |
|
| 245 | 1 | 3 |
_aLa envoltura humana / _cAldous Huxley ; [versión castellana, Angel Perezagua]. |
| 260 |
_aMadrid : _bLa Nave, _c[19-?] |
||
| 300 |
_a277 p. : _bil. ; _c15 cm. |
||
| 700 | 1 |
_aPerezagua, Angel. _991233 |
|
| 852 |
_aES-MaACL _jD-5768 _bR.26442 |
||
| 999 |
_c81710 _d81710 |
||